000 00590nam a22001697a 4500
020 _qHard Cover.
082 _a200
100 _aSaleem Shah.
245 _aSynthesis of Fe-CNTs Nanocomposite and Its Ignition with Photo Flash /
_cSaleem Shah..
260 _aIslamabad :
_bSCME - NUST,
_c2014.
300 _axiv, 65 p. ill. ;
_c30cm.
650 _aMS-Materials Engineering
_9129142
700 _aSupervisor: Dr. Abdul Qadeer Malik.
_9123403
856 _u http://10.250.8.41:8080/xmlui/handle/123456789/19892
942 _2ddc
_cSC
999 _c534218
_d534218